000 00451nam a2200181Ia 4500
005 20250603144556.0
008 250603s9999 xx 000 0 und d
020 _a9780367437602
050 _aQH 324.2 .B56/
100 _aEdited by Forero, Diego A.
245 0 _aBioinformatics and human genomics research
260 _aBoca Raton
260 _bCRC Press
260 _c2022
300 _avi,367p.: ill.
650 _aBoca Raton
942 _cBK
999 _c39325
_d39325